[Event "Online Olym Div3 C"]
[Site "Chess.com INT"]
[Date "2021.08.28"]
[Round "4.3"]
[White "Lubuuto, Bwalya Mulwale"]
[Black "Pelomoh, Jessica Onoriode"]
[Result "1-0"]
[WhiteElo "1743"]
[BlackElo "1974"]
[PlyCount "97"]
[EventDate "2021.08.27"]
[EventType "team-tourn (rapid)"]
[EventRounds "9"]
[EventCountry "USA"]
[SourceTitle "CBM 204 Extra"]
[Source "ChessBase"]
[SourceDate "2021.11.30"]
[SourceVersion "1"]
[SourceVersionDate "2021.11.30"]
[SourceQuality "1"]
[WhiteTeam "Zambia"]
[BlackTeam "Nigeria"]
[WhiteTeamCountry "ZAM"]
[BlackTeamCountry "NGR"]

1. d4 Nf6 2. c4 g6 3. Nc3 Bg7 4. Nf3 d5 5. e3 Bg4 6. Be2 c6 7. 0-0 0-0 8. h3 Bxf3 9. Bxf3 dxc4 10. Qe2 Nbd7 11. Qxc4 Rc8 12. Rd1 Nb6 13. Qe2 Nbd5 14. e4 Nxc3 15. bxc3 Qc7 16. Bg5 Rcd8 17. Rac1 Rfe8 18. c4 h6 19. Bh4 b6 20. d5 cxd5 21. cxd5 Qb7 22. Bxf6 exf6 23. Qc4 Rd7 24. Qc6 a6 25. Rc2 Qxc6 26. Rxc6 Rb7 27. Rdc1 a5 28. d6 Bf8 29. Rc7 Reb8 30. e5 fxe5 31. Rxb7 Rxb7 32. Bxb7 Bxd6 33. Rc6 Bc5 34. a4 Kg7 35. Rc7 Kf8 36. Bd5 f5 37. Rf7+ Ke8 38. Rh7 Bf8 39. Bf7+ Ke7 40. Bxg6+ Kf6 41. Be8 Kg5 42. g3 f4 43. h4+ Kg4 44. Bd7+ Kf3 45. Rf7 Bc5 46. gxf4 Bxf2+ 47. Kf1 Bxh4 48. fxe5+ Ke4 49. e6 1-0

[Event "Africa-ch U18 Girls"]
[Site "Windhoek"]
[Date "2019.12.20"]
[Round "8.2"]
[White "Besa, Masaiti"]
[Black "Lubuuto, Bwalya Mulwale"]
[Result "1/2-1/2"]
[WhiteElo "1667"]
[BlackElo "1754"]
[PlyCount "60"]
[EventDate "2019.12.16"]
[EventType "swiss"]
[EventRounds "9"]
[EventCountry "NAM"]
[SourceTitle "EXT 2024"]
[Source "ChessBase"]
[SourceDate "2023.10.10"]
[SourceVersion "1"]
[SourceVersionDate "2023.10.10"]
[SourceQuality "1"]

1. c4 Nf6 2. g3 e6 3. Bg2 d5 4. Nf3 c6 5. 0-0 Bd6 6. Nc3 0-0 7. d4 Nbd7 8. cxd5 exd5 9. Qc2 Re8 10. Rd1 Qe7 11. Nh4 Nf8 12. a3 Ng6 13. Nf5 Bxf5 14. Qxf5 Qe6 15. Bh3 Qxf5 16. Bxf5 Nf8 17. Bg5 N8d7 18. Rac1 g6 19. Bb1 Re6 20. Rd2 Kg7 21. Rcd1 h6 22. Bxf6+ Nxf6 23. e4 dxe4 24. d5 cxd5 25. Nxd5 Nxd5 26. Rxd5 Bc7 27. Rd7 Bb6 28. Rxb7 e3 29. fxe3 Bxe3+ 30. Kg2 Rf6 1/2-1/2

[Event "Africa-ch U18 Girls"]
[Site "Windhoek"]
[Date "2019.12.19"]
[Round "6.2"]
[White "Badisang, Loago"]
[Black "Lubuuto, Bwalya Mulwale"]
[Result "1-0"]
[WhiteElo "1289"]
[BlackElo "1754"]
[PlyCount "31"]
[EventDate "2019.12.16"]
[EventType "swiss"]
[EventRounds "9"]
[EventCountry "NAM"]
[SourceTitle "EXT 2024"]
[Source "ChessBase"]
[SourceDate "2023.10.10"]
[SourceVersion "1"]
[SourceVersionDate "2023.10.10"]
[SourceQuality "1"]

1. d4 Nf6 2. Bf4 e6 3. e3 d5 4. Nf3 Be7 5. c3 0-0 6. Bd3 c5 7. Nbd2 Nbd7 8. Ne5 Re8 9. Nef3 Nf8 10. Ng5 N6d7 11. Nxf7 Qb6 12. Qb3 Ne5 13. Nxe5 Qd8 14. Qd1 Nd7 15. Qh5 Nf6 16. Bxh7+ 1-0

[Event "Olympiad Women-43"]
[Site "Batumi"]
[Date "2018.10.04"]
[Round "10.2"]
[White "Lubuuto, Bwalya Mulwale"]
[Black "Blackman, Katrina"]
[Result "1-0"]
[WhiteElo "1607"]
[BlackElo "1755"]
[PlyCount "63"]
[EventDate "2018.09.24"]
[EventType "team-swiss"]
[EventRounds "11"]
[EventCountry "GEO"]
[SourceTitle "EXT 2020"]
[Source "ChessBase"]
[SourceDate "2019.10.17"]
[SourceVersion "1"]
[SourceVersionDate "2019.10.17"]
[SourceQuality "1"]
[WhiteTeam "Zambia (W)"]
[BlackTeam "Barbados (W)"]
[WhiteTeamCountry "ZAM"]
[BlackTeamCountry "BAR"]

1. d4 e6 2. Nf3 f5 3. Bf4 Nf6 4. e3 d5 5. Nbd2 Be7 6. Be2 0-0 7. h3 Ne4 8. c4 c6 9. Qc2 Nd7 10. c5 Qe8 11. b4 a6 12. a4 Nxd2 13. Qxd2 Nf6 14. 0-0 Ne4 15. Qb2 Bf6 16. Ne5 Bd7 17. b5 Qc8 18. Rfc1 Bg5 19. bxc6 Bxc6 20. Nxc6 Qxc6 21. Be5 Bf6 22. Bh2 Rfc8 23. Qb6 Qxb6 24. cxb6 Bh4 25. f3 Bf2+ 26. Kf1 Rxc1+ 27. Rxc1 Bxe3 28. Rc7 Nf6 29. Be5 f4 30. Rxb7 Rc8 31. Rc7 Rb8 32. b7 1-0

[Event "Olympiad Women-43"]
[Site "Batumi"]
[Date "2018.09.30"]
[Round "6.57"]
[White "Lubuuto, Bwalya Mulwale"]
[Black "Efentakis, Katina"]
[Result "1-0"]
[WhiteElo "1607"]
[BlackElo "1451"]
[PlyCount "105"]
[EventDate "2018.09.24"]
[EventType "team-swiss"]
[EventRounds "11"]
[EventCountry "GEO"]
[SourceTitle "EXT 2020"]
[Source "ChessBase"]
[SourceDate "2019.10.17"]
[SourceVersion "1"]
[SourceVersionDate "2019.10.17"]
[SourceQuality "1"]
[WhiteTeam "Zambia (W)"]
[BlackTeam "Mozambique (W)"]
[WhiteTeamCountry "ZAM"]
[BlackTeamCountry "MOZ"]

1. d4 d5 2. c4 e6 3. e3 Nf6 4. Nf3 Bb4+ 5. Bd2 Bxd2+ 6. Nbxd2 Nc6 7. Be2 0-0 8. 0-0 Re8 9. a3 a5 10. Qc2 h6 11. Rfc1 Bd7 12. Nb3 Re7 13. Nc5 Qc8 14. Bd3 Be8 15. cxd5 exd5 16. Rab1 b6 17. Bf5 Qb8 18. Nd3 g6 19. Bh3 Qb7 20. Nde5 Nd8 21. g3 Kg7 22. b4 a4 23. Nd2 b5 24. Bg2 Ra6 25. e4 c6 26. exd5 Nxd5 27. Ne4 Qc7 28. Bf1 Rb6 29. Nc3 Nxc3 30. Qxc3 Kh7 31. Qf3 Ne6 32. Qd3 Nxd4 33. Nxg6 fxg6 34. Qxd4 Rb8 35. Rc5 Qd7 36. Qc3 Rb6 37. Rc1 Qd6 38. Bg2 Re6 39. Qf3 Rf6 40. Qe3 Qe6 41. Re5 Qd6 42. Rxe8 Ra6 43. Qe7+ Qxe7 44. Rxe7+ Kg8 45. Rc7 Rd6 46. Bxc6 Rb6 47. Be4 Re6 48. Bd5 Kf8 49. Bxe6 Rxe6 50. Rb7 Re5 51. Rc8+ Re8 52. Rxe8+ Kxe8 53. Rxb5 1-0

[Event "Matola zt 4.3 (Women)"]
[Site "Matola"]
[Date "2018.04.13"]
[Round "8.3"]
[White "Lubuuto, Bwalya Mulwale"]
[Black "Mwango, Lorita"]
[Result "0-1"]
[WhiteElo "1630"]
[BlackElo "1965"]
[PlyCount "57"]
[EventDate "2018.04.08"]
[EventType "swiss"]
[EventRounds "9"]
[EventCountry "MOZ"]
[SourceTitle "EXT 2024"]
[Source "ChessBase"]
[SourceDate "2023.10.10"]
[SourceVersion "1"]
[SourceVersionDate "2023.10.10"]
[SourceQuality "1"]

1. d4 d5 2. c4 e6 3. Nc3 c6 4. cxd5 exd5 5. e3 Nf6 6. Nf3 Be7 7. Bd3 Bg4 8. h3 Bh5 9. Be2 Nbd7 10. a3 h6 11. 0-0 0-0 12. b3 Bd6 13. Nh4 Bxe2 14. Qxe2 Re8 15. Nf3 a5 16. Nd2 Re6 17. a4 Qb6 18. Ba3 Bb4 19. Bxb4 Qxb4 20. Na2 Qxd4 21. Nf3 Qb6 22. Nd4 Qxd4 23. Qc2 Qe4 24. Qc3 b6 25. Rfe1 Qe5 26. Qxe5 Nxe5 27. b4 axb4 28. Nxb4 Ned7 29. Nd3 0-1

[Event "African Schools-ch U15 Girls"]
[Site "Lusaka"]
[Date "2016.12.12"]
[Round "2.2"]
[White "Lubuuto, Bwalya Mulwale"]
[Black "Besa, Masaiti"]
[Result "0-1"]
[WhiteElo "1511"]
[BlackElo "1466"]
[PlyCount "96"]
[EventDate "2016.12.11"]
[EventType "swiss"]
[EventRounds "9"]
[EventCountry "ZAM"]
[SourceTitle "EXT 2024"]
[Source "ChessBase"]
[SourceDate "2023.10.10"]
[SourceVersion "1"]
[SourceVersionDate "2023.10.10"]
[SourceQuality "1"]

1. d4 Nf6 2. c4 g6 3. Nf3 Bg7 4. Nc3 d6 5. e3 0-0 6. Be2 Re8 7. 0-0 Bf5 8. Qb3 b6 9. Rd1 Nbd7 10. Nh4 Be6 11. d5 Nc5 12. Qc2 Bd7 13. b4 Nfe4 14. bxc5 Nxc3 15. Bb2 Ba4 16. Qd2 Ne4 17. Qc1 Bxb2 18. Qxb2 Bxd1 19. Rxd1 Nxc5 20. Bf3 Rb8 21. e4 e6 22. g3 exd5 23. exd5 Qg5 24. Ng2 Qf5 25. Be2 Na4 26. Qd2 Nc3 27. Ne3 Qe5 28. Rc1 Nxe2+ 29. Qxe2 Qh5 30. Qd2 Qf3 31. Rc3 Re5 32. h3 h5 33. Ng4 Qe2 34. Nh6+ Kg7 35. Nf5+ gxf5 36. Qg5+ Kf8 37. Qh6+ Ke7 38. Qg5+ Kd7 39. Re3 Rxe3 40. fxe3 Re8 41. Qxf5+ Kd8 42. e4 Qxe4 43. Qg5+ Kc8 44. Qxh5 Qe1+ 45. Kg2 Re2+ 46. Kf3 Qf2+ 47. Kg4 Re4+ 48. Kg5 Re5+ 0-1